000 00488nam a2200181Ia 4500
001 22039
003 GE_BSU
008 181216s||||||||xx |||||||||||||| ||und||
040 _cGE_BSU
245 4 _aThe Economist, December 23rd-January 5th №9072. 2018
260 _aLondon
260 _c2018
300 _a120 p. 27cm. ill.
653 _aThe Economist, December 23rd-January 5th №9072. 2018
653 _aПериодика
653 _aპერიოდიკა
942 _cCR
999 _c54968
_d54968